| 000 | 00561nam a2200181Ia 4500 | ||
|---|---|---|---|
| 999 |
_c3283 _d3283 |
||
| 003 | GBCCL | ||
| 005 | 20241126110451.0 | ||
| 008 | 171123b xxu||||| |||| 00| 0 eng d | ||
| 040 | _cgbc | ||
| 082 |
_a259.23 _bRIC |
||
| 100 |
_aRichards, Lawrence O _96743 |
||
| 245 |
_aYouth Ministry: _bIts Renewal in the Local Church / _cLawrence O. Richards. |
||
| 260 |
_bZondervan Publishing House: _aMichigan, _c1972. |
||
| 300 |
_a364p.; _c23 cm. |
||
| 650 |
_aYouth Ministry _96744 |
||
| 650 |
_aPastoral Care - Youth _96745 |
||
| 942 |
_e2 PRINTING _2ddc _cBK _k259.23 _mRIC _011 |
||